000 01203nam a2200313Ia 4500
001 F7401
003 IT-RoPAU
008 130308s9999 xx 000 0 und d
040 _aIT-RoPAU
040 _cIT-RoPAU
041 _aINGLESE
100 _aKleinsteuber Hans J.
100 _gCodice Aut. SPICS: 24739
245 _aGermany: the initiative in the Hands of the Lander
245 _bDecentralization in The global Era
250 _a1a ed.
260 _aLONDRA
260 _bJohn Libbey
260 _c1995 [1° Ed.:1995 - Ed.Ling.Originale:1995]
300 _a"17 p. (prefazione: no ; testo: 17 [pagine: 65-81])"
500 _aGermania: L'Iniziativa in Mano Ai Lander. Cornice Politica, nazione e Regioni. Specificità delle regioni in Germania. Media e Regioni. Dimensione Culturale e Linguistica. Cornice legale della Televisione in Germania. tv Regionale: Servizio Pubblico, programmi tv Locali, tv Private. Emittenza commerciale Regionale. canali di Pubblico Accesso.
650 _aTEORIA DELLA COMUNICAZIONE SOCIALE
650 _eCodice materia Spics: 3802
700 _aThomas Barbara
700 _gCodice Aut. SPICS: 51672
942 _cBK
957 _71
999 _c79583
_d79583
999 _g1